000 00513nam a2200157 4500
001 138218
003 ES-MaACL
005 20230906195527.0
007 t|
008 070214s1972 sp r ||||1| spa d
100 1 _aSánchez Tarniella, Andrés.
_9102946
245 1 0 _aMyrdal y la economía del siglo XX
_b: hacia un nuevo concepto del problema económico /
_cAndrés Sánchez Tarniella.
260 _aMadrid :
_bAfrodisio Aguado,
_c1972.
300 _a125 p. ;
_c18 cm.
852 _aES-MaACL
_jC-52706
_bR.83273
999 _c138218
_d138218